Integrovaná prevence a registr

Nové prístupy k regulácii znečisťovania životného prostredia priemyslom a poľnohospodárskou činnosťou. Prijatý zákon č. 76/2002 Sb. zamedzuje zavádzaniu morálne zastaralých technológií a techniky v Česku a núti prevádzkovateľov vybrať si najlepšiu dostupnú techniku (BAT = best available techniques).

Gespeichert in:
Bibliographische Detailangaben
1. Verfasser: Hatláková, Eva
Format: Buchkapitel
Sprache:Tschechisch
Schlagworte:
Tags: Tag hinzufügen
Keine Tags, Fügen Sie das erste Tag hinzu!

MARC

LEADER 00000naa a2200000 4500
001 r046205
005 20231004070508.9
041 0 |a cze 
044 |a CZ 
245 1 0 |a Integrovaná prevence a registr  |c Eva Hatláková 
520 |a Nové prístupy k regulácii znečisťovania životného prostredia priemyslom a poľnohospodárskou činnosťou. Prijatý zákon č. 76/2002 Sb. zamedzuje zavádzaniu morálne zastaralých technológií a techniky v Česku a núti prevádzkovateľov vybrať si najlepšiu dostupnú techniku (BAT = best available techniques). 
610 2 0 |a ochrana prostredia životného 
610 2 0 |a Česko 
610 2 0 |a úpravy právne 
610 2 0 |a aproximácia práva 
610 2 0 |a Európska únia 
100 1 |a Hatláková, Eva